| 000 | 00357nam a22001577a 4500 | ||
|---|---|---|---|
| 003 | SGT | ||
| 020 | _a818679391-7 | ||
| 082 | _a612, E14M | ||
| 100 | _aMAHAPATRA, ANIL B. | ||
| 245 | _aESSENTIALS OF MEDICAL PHYSIOLOGY | ||
| 250 | _a4TH | ||
| 260 |
_aKOLKATA _bCURRENT BOOKS INTERNATIONAL _c2014 |
||
| 300 | _a544 | ||
| 650 | _aPHYSIOLOGY | ||
| 942 |
_2ddc _cBK |
||
| 999 |
_c8159 _d8159 |
||